[Event "NED-ch U16 op"]
[Site "Borne"]
[Date "2019.08.06"]
[Round "2"]
[White "Ekker, Laurens"]
[Black "Winter, Ynse"]
[Result "1-0"]
[WhiteElo "1614"]
[BlackElo "1021"]
[PlyCount "43"]
[EventDate "2019.08.05"]
[EventType "swiss"]
[EventRounds "9"]
[EventCountry "NED"]
[SourceTitle "EXT 2020"]
[Source "ChessBase"]
[SourceDate "2019.10.17"]
[SourceVersion "1"]
[SourceVersionDate "2019.10.17"]
[SourceQuality "1"]

1. e4 e6 2. d4 d5 3. exd5 exd5 4. c4 c6 5. Nc3 Nf6 6. Nf3 Bg4 7. Be3 Bd6 8. h3 Bh5 9. cxd5 Nxd5 10. Nxd5 cxd5 11. Be2 Nd7 12. Qb3 Qb6 13. Qxd5 Qxb2 14. 0-0 Qxe2 15. Rfe1 Qa6 16. Bf4+ Kd8 17. Bxd6 Bxf3 18. Be7+ Ke8 19. Qxf3 Qc6 20. Qg3 Qg6 21. Qc7 Nb6 22. Bd6+ 1-0